MARC

LEADER 00000nam0a2200000 4500
001 133622
005 20231101220436.0
035 |a (RuTPU)RU\TPU\book\144824 
090 |a 133622 
100 |a 20080319g1980 km y0rusy50 ca 
101 0 |a rus 
102 |a RU 
105 |a a z 000zy 
200 1 |a Бентониты  |f Академия наук СССР, Отделение геологии, геофизики и геохимии ; под ред. В. П. Петрова 
210 |a Москва  |c Наука  |d 1980 
215 |a 288 с.  |c ил. 
320 |9 572  |a Библиогр. в конце ст. 
606 1 |a Бентонитовые глины  |x Месторождения  |2 stltpush  |3 (RuTPU)RU\TPU\subj\70537  |9 84774 
610 1 |a бентониты 
610 1 |a бентоногенные формации 
610 1 |a геология 
610 1 |a минералогия 
610 1 |a генезис 
610 1 |a минералогия 
610 1 |a минерально-сырьевая база 
675 |a 553.611.6  |v 3 
702 1 |a Петров  |b В. П.  |4 340 
712 0 2 |a Академия наук СССР  |b Отделение геологии, геофизики и геохимии  |c (Ленинград/Москва)  |c (1925-1991)  |2 stltpush  |3 (RuTPU)RU\TPU\col\722 
801 1 |a RU  |b 63413507  |c 20080204  |g PSBO 
801 2 |a RU  |b 63413507  |c 20210420  |g PSBO 
942 |c BK